Zvýšenie základnej nezdaniteľnej časti základu dane a zamestnaneckej prémie v roku 2009 (porovnanie s alternatívou zníženia sadzby DPFO na 16%) komentár 2009/3

Na minha lista:
Detalhes bibliográficos
Autor principal: Novysedlák, Viktor
Outros Autores: Remeta, Ján
Formato: Livro
Idioma:eslovaco
Publicado em: Bratislava 2009
Assuntos:
Tags: Adicionar Tag
Sem tags, seja o primeiro a adicionar uma tag!

MARC

LEADER 00000nam a2200000 4500
001 0192139
005 20240416113600.7
041 0 |a slo 
044 |a SK 
245 1 0 |a Zvýšenie základnej nezdaniteľnej časti základu dane a zamestnaneckej prémie v roku 2009 (porovnanie s alternatívou zníženia sadzby DPFO na 16%)  |b komentár 2009/3  |c Viktor Novysedlák, Ján Remeta 
264 1 |a Bratislava  |c 2009 
300 |a [8 s., 11,5 NS] 
610 2 0 |a dane 
610 2 0 |a príjmy 
610 2 0 |a základ dane 
100 1 |a Novysedlák, Viktor 
700 1 |a Remeta, Ján